[Event "2024 British Rapidplay Championship"]
[Site "Holiday Inn Peterborough - West"]
[Date "2024.03.02"]
[Round "4.23"]
[White "Nicholas, Koichi B"]
[Black "Frostick, Clive A"]
[Result "1-0"]
[WhiteFideId "409820"]
[BlackFideId "411302"]
[WhiteElo "1987"]
[BlackElo "2162"]
[EventDate "2024.03.02"]

1. e4 c5 2. Nf3 Nc6 3. d4 cxd4 4. Nxd4 Nf6 5. Nc3 e6 6. Ndb5 Bb4 7. a3 Bxc3+ 8. Nxc3
d5 9. exd5 exd5 10. Bd3 O-O 11. O-O Bg4 12. f3 Bh5 13. Bg5 Qb6+ 14. Kh1 Ne4 15. Nxe4
dxe4 16. Bxe4 Qxb2 17. Rb1 Qxa3 18. Rxb7 Rac8 19. Qd7 Qc5 20. Bh4 Bg6 21. Bf2 Qc4
22. Bd3 Bxd3 23. cxd3 Qc2 24. d4 Qe2 25. Kg1 Qc4 26. h3 Rfd8 27. Qf5 Nxd4 28. Bxd4
Qxd4+ 29. Kh2 Qd6+ 30. f4 Rc7 31. Rfb1 g6 32. Qe4 a5 33. Rxc7 Qxc7 34. Rb7 Qc5 35.
Qa4 Rd4 36. Qe8+ Qf8 37. Qe5 Qd8 38. Rb8 1-0

[Event "2024 British Rapidplay Championship"]
[Site "Holiday Inn Peterborough - West"]
[Date "2024.03.02"]
[Round "4.24"]
[White "Manley, Jon P"]
[Black "Ortiz Sanchez, Luis"]
[Result "0-1"]
[WhiteFideId "403296"]
[BlackFideId "24581160"]
[WhiteElo "2160"]
[BlackElo "1909"]
[EventDate "2024.03.02"]

1. e4 d6 2. d4 Nf6 3. Nc3 e5 4. Nf3 Nbd7 5. Bc4 Be7 6. O-O O-O 7. a4 c6 8. Re1 h6
9. a5 Re8 10. b3 Rb8 11. Bb2 Qc7 12. dxe5 dxe5 13. Nh4 b5 14. axb6 axb6 15. Qf3 b5
16. Bf1 Nc5 17. Nf5 Bf8 18. Nxh6+ gxh6 19. Qxf6 Bg7 20. Qf3 Ne6 21. Ne2 Ng5 22. Qe3
c5 23. Ng3 c4 24. bxc4 bxc4 25. Bc3 Bf8 26. Ra5 Bd7 27. Nh5 Re6 28. h4 Nh7 29. Rxe5
Rg6 30. Qd4 f6 31. Rf5 Qb6 32. Qxd7 0-1

[Event "2024 British Rapidplay Championship"]
[Site "Holiday Inn Peterborough - West"]
[Date "2024.03.02"]
[Round "4.25"]
[White "Larchikov, Maksym"]
[Black "McCarthy, Kevin C"]
[Result "1-0"]
[WhiteFideId "34120815"]
[BlackFideId "470775"]
[WhiteElo "1981"]
[BlackElo "1974"]
[EventDate "2024.03.02"]

1. d4 e6 2. c4 d5 3. Nc3 Nf6 4. Nf3 c6 5. e3 Bd6 6. Qc2 O-O 7. b3 Nbd7 8. Bd3 Re8
9. O-O e5 10. cxd5 cxd5 11. Nb5 Bb8 12. dxe5 Nxe5 13. Nbd4 Nxd3 14. Qxd3 Ne4 15.
Bb2 Bg4 16. Qb5 b6 17. Rad1 a6 18. Qd3 Nc5 19. Qc3 Ne4 20. Qd3 Nc5 21. Qb1 Qd7 22.
h3 Bxh3 23. gxh3 Qxh3 24. Qf5 Qh6 25. Qg5 Qxg5+ 26. Nxg5 h6 27. Ngf3 Re4 28. Kg2
Rg4+ 29. Kh3 h5 30. Nc6 Ne4 31. Rxd5 Bd6 32. Rxh5 Nf6 33. Bxf6 1-0

[Event "2024 British Rapidplay Championship"]
[Site "Holiday Inn Peterborough - West"]
[Date "2024.03.02"]
[Round "4.26"]
[White "Hng, Mei-En Emmanuelle"]
[Black "White, Stuart A"]
[Result "1-0"]
[WhiteFideId "5804566"]
[BlackFideId "407747"]
[WhiteElo "1974"]
[BlackElo "2147"]
[EventDate "2024.03.02"]

1. Nf3 d5 2. c4 c6 3. d4 Nf6 4. Nc3 dxc4 5. e4 b5 6. e5 Nd5 7. a4 e6 8. Be2 Bb7 9.
O-O Nd7 10. Ne4 a6 11. Bg5 Qc7 12. Rc1 h6 13. Bd2 Be7 14. b3 cxb3 15. Qxb3 Qb6 16.
Bd3 O-O 17. Bb1 Rfc8 18. Qc2 Nf8 19. Nc5 b4 20. Nd7 Qa5 21. Nxf8 Kxf8 22. Qh7 Ke8
23. Qxg7 Kd7 24. Bxh6 c5 25. dxc5 Rxc5 26. Qxf7 Rac8 27. Rcd1 b3 28. Nd4 Qb6 29.
Bg5 Rf8 30. Qh7 Qd8 1-0

[Event "2024 British Rapidplay Championship"]
[Site "Holiday Inn Peterborough - West"]
[Date "2024.03.02"]
[Round "4.27"]
[White "Banerjee, Supratit"]
[Black "Patel, Zain"]
[Result "1-0"]
[WhiteFideId "2410079"]
[BlackFideId "469246"]
[WhiteElo "1962"]
[BlackElo "1828"]
[EventDate "2024.03.02"]

1. e4 c6 2. d4 d5 3. Nd2 dxe4 4. Nxe4 Nf6 5. Nxf6+ exf6 6. c3 Bd6 7. Bd3 O-O 8. Ne2
Re8 9. O-O Nd7 10. Bf4 Bxf4 11. Nxf4 Qc7 12. Qf3 Nf8 13. Rfe1 Be6 14. Nxe6 fxe6 15.
Rad1 Rad8 16. h3 c5 17. Bb5 Re7 18. d5 a6 19. Bf1 exd5 20. Rxe7 Qxe7 21. Rxd5 Rc8
22. Bc4 Kh8 23. a4 Ng6 24. Rh5 Re8 25. Rxh7+ 1-0

[Event "2024 British Rapidplay Championship"]
[Site "Holiday Inn Peterborough - West"]
[Date "2024.03.02"]
[Round "4.28"]
[White "Mokhber-Garcia, Sebastian"]
[Black "Birtwistle, Nigel"]
[Result "0-1"]
[WhiteFideId "499269"]
[BlackFideId "406945"]
[WhiteElo "1909"]
[BlackElo "2114"]
[EventDate "2024.03.02"]

1. e4 c5 2. Nf3 g6 3. d4 cxd4 4. Nxd4 Nc6 5. Be3 Nf6 6. Bd3 Bg7 7. O-O O-O 8. Nc3
d6 9. Nb3 Ng4 10. Bf4 Be6 11. h3 Nge5 12. Bxe5 Nxe5 13. f4 Qb6+ 14. Kh2 Nc4 15. Bxc4
Bxc4 16. Rf3 a5 17. Nd5 Bxd5 18. Qxd5 a4 19. Nd2 Qxb2 20. Rb1 Qxc2 21. Rxb7 e6 22.
Qd3 Qxa2 23. Nc4 Rad8 24. f5 d5 25. Nb6 Be5+ 26. Kg1 dxe4 27. Qxe4 Rd1+ 28. Rf1 Bd4+
29. Kh2 Rxf1 30. Qxd4 Rf2 31. Qe4 exf5 32. Qc6 Qd2 33. Kg1 a3 34. Nc4 Qe1+ 35. Kh2
Rf1 36. g4 Rf2+ 37. Kg3 f4+ 38. Kh4 Re2+ 39. Kg5 h6+ 40. Kxf4 g5+ 41. Kf5 Qf2+ 0-1

[Event "2024 British Rapidplay Championship"]
[Site "Holiday Inn Peterborough - West"]
[Date "2024.03.02"]
[Round "4.29"]
[White "Vaidyanathan, Adithya"]
[Black "Hutchinson, Paul A"]
[Result "1-0"]
[WhiteFideId "495450"]
[BlackFideId "411558"]
[WhiteElo "1805"]
[BlackElo "2064"]
[EventDate "2024.03.02"]

1. Nf3 Nf6 2. d4 g6 3. c4 Bg7 4. Nc3 d6 5. e4 Nc6 6. h3 O-O 7. Be3 Nd7 8. Qd2 e5
9. d5 Ne7 10. g4 Re8 11. Bd3 Nf8 12. O-O-O a6 13. Bh6 Bd7 14. Bxg7 Kxg7 15. c5 Ng8
16. cxd6 cxd6 17. Rdg1 b5 18. h4 b4 19. Ne2 Qc8+ 20. Kb1 Bxg4 21. Ne1 h5 22. f3 Bd7
23. Ng3 Kh7 24. f4 Bg4 25. f5 Qd8 26. Be2 Nh6 27. Bxg4 Nxg4 28. Nf3 Qf6 29. Ng5+
Kg8 30. Rf1 Qg7 31. Qxb4 f6 32. Ne6 Nxe6 33. dxe6 Rad8 34. Qd2 Kh7 35. fxg6+ Qxg6
36. Rf5 Rh8 37. e7 Rd7 38. Rxh5+ Kg8 39. Qd5+ Qf7 40. Rxh8+ Kg7 41. Rh7+ 1-0

[Event "2024 British Rapidplay Championship"]
[Site "Holiday Inn Peterborough - West"]
[Date "2024.03.02"]
[Round "4.30"]
[White "Lalic, Susan K"]
[Black "Botteley, Michael T"]
[Result "1-0"]
[WhiteFideId "401510"]
[BlackFideId "427411"]
[WhiteElo "2059"]
[BlackElo "1896"]
[EventDate "2024.03.02"]

1. e4 c6 2. d4 d5 3. Nd2 dxe4 4. Nxe4 Nf6 5. Nxf6+ exf6 6. c3 Bd6 7. Bd3 O-O 8. Ne2
Qc7 9. Qc2 h6 10. h3 Re8 11. O-O Nd7 12. Bd2 b6 13. Rae1 Bb7 14. Bh7+ Kh8 15. Be4
Re7 16. Bf3 Rae8 17. Nc1 c5 18. Bxb7 Qxb7 19. Nb3 Qd5 20. c4 Qh5 21. dxc5 Nxc5 22.
Nd4 Rxe1 23. Rxe1 Rxe1+ 24. Bxe1 g6 25. Nf3 Ne6 26. Qd3 Bc7 27. Bc3 Kg7 28. Nd4 Nxd4
29. Bxd4 Be5 30. b3 Qg5 31. Be3 Bf4 32. Qe4 Bxe3 33. Qxe3 Qa5 34. Qe2 Qa3 35. Qc2
Qa5 36. g3 Qc5 37. Qe2 Qa5 38. Kg2 h5 39. h4 Qc5 40. Qd2 Qe5 41. Qe3 Qa5 42. Qe2
Qc5 43. Qd2 Qe5 44. a3 Qe4+ 45. Kh2 Qf3 46. Qe3 Qd1 47. Kg2 Qc2 48. a4 Qb1 49. c5
bxc5 50. Qxc5 Qe4+ 51. Kh2 a6 52. b4 Qf3 53. b5 axb5 54. axb5 f5 55. Qe3 Qb7 56.
Qc3+ Kf8 57. Qc5+ Kg7 58. Qc6 Qa7 59. b6 Qa2 60. Qc3+ Kh7 61. Qe3 Qb2 62. Kg2 Qb5
63. Qd4 Qc6+ 64. Kg1 Qc1+ 65. Kh2 Qb1 66. Qf6 Kg8 67. Qc6 Qf1 68. Qg2 Qb5 69. Qa8+
Kg7 70. b7 Qf1 71. b8=Q 1-0

[Event "2024 British Rapidplay Championship"]
[Site "Holiday Inn Peterborough - West"]
[Date "2024.03.02"]
[Round "4.31"]
[White "Keohane, Benedict A"]
[Black "Brett, Andrew R"]
[Result "0-1"]
[WhiteFideId "433950"]
[BlackFideId "416460"]
[WhiteElo "1855"]
[BlackElo "2119"]
[EventDate "2024.03.02"]

1. e4 e5 2. f4 d5 3. exd5 exf4 4. Nf3 Nf6 5. c4 c6 6. d4 Bb4+ 7. Nc3 cxd5 8. Be2
O-O 9. O-O Nc6 10. Bxf4 Bg4 11. Bg5 Be7 12. Bxf6 Bxf6 13. Nxd5 Bxf3 14. Nxf6+ Qxf6
15. Bxf3 Qxd4+ 16. Qxd4 Nxd4 17. Bxb7 Rab8 18. Bd5 Rxb2 19. Rxf7 Rxf7 20. Rf1 Rbb7
21. Re1 Kf8 22. Bxb7 Rxb7 23. Re4 Nc6 24. h4 Re7 25. Rf4+ Ke8 26. c5 Kd7 27. Ra4
Ke6 28. Re4+ Kd5 29. Rg4 Kxc5 30. h5 h6 31. Rg6 a5 32. Rg4 Ne5 33. Re4 Nf3+ 34. gxf3
Rxe4 35. fxe4 Kd4 36. Kf2 Kxe4 37. Ke2 Kf4 38. Kd3 Kg5 39. Kc4 Kxh5 40. Kb5 g5 0-1

[Event "2024 British Rapidplay Championship"]
[Site "Holiday Inn Peterborough - West"]
[Date "2024.03.02"]
[Round "4.32"]
[White "Dupuis, Denis K"]
[Black "Keerthi Kumar, Advait"]
[Result "1-0"]
[WhiteFideId "452980"]
[BlackFideId "498033"]
[WhiteElo "1934"]
[BlackElo "1838"]
[EventDate "2024.03.02"]

1. e4 c5 2. Nc3 Nc6 3. f4 g6 4. Nf3 Bg7 5. Bc4 d6 6. O-O Nf6 7. d3 O-O 8. Qe1 a6
9. a4 e6 10. h3 d5 11. Bb3 b6 12. g4 Nd4 13. Nxd4 cxd4 14. Nd1 dxe4 15. dxe4 d3 16.
c3 Bb7 17. Nf2 Qc7 18. Bd1 Rad8 19. Bf3 a5 20. Be3 Ba6 21. Qd2 Nd7 22. e5 Nc5 23.
Bxc5 bxc5 24. Ne4 c4 25. Qe3 Bb7 26. Nd6 Bxf3 27. Qxf3 Rxd6 28. exd6 Qxd6 29. Rfd1
Rb8 30. Rab1 Qd7 31. Qe4 Qxa4 32. Rxd3 Bf8 33. Rd2 Qb5 34. Kh2 a4 35. Rbd1 Qc5 36.
Kg2 a3 37. bxa3 Rb3 38. Rc2 Rxa3 39. Rd4 Ra1 40. Rf2 Ra4 41. f5 e5 42. Rd5 Qa3 43.
fxg6 hxg6 44. Rd7 Bc5 45. Rdxf7 Ra6 46. Qxe5 Bf8 47. Rxf8+ Qxf8 48. Rxf8+ Kxf8 49.
Qb8+ 1-0

[Event "2024 British Rapidplay Championship"]
[Site "Holiday Inn Peterborough - West"]
[Date "2024.03.02"]
[Round "4.33"]
[White "Patel, Keatan"]
[Black "Jackson, Sheila"]
[Result "0-1"]
[WhiteFideId "477613"]
[BlackFideId "402508"]
[WhiteElo "1779"]
[BlackElo "1986"]
[EventDate "2024.03.02"]

1. e4 e5 2. Nf3 Nc6 3. Bb5 a6 4. Ba4 Nf6 5. d3 d6 6. c3 Be7 7. O-O O-O 8. Nbd2 b5
9. Bc2 h6 10. Re1 Re8 11. Nf1 Bf8 12. Ng3 g6 13. a4 Rb8 14. axb5 axb5 15. d4 exd4
16. cxd4 Nb4 17. Bb3 c5 18. dxc5 dxc5 19. Bf4 Rb7 20. Qe2 c4 21. Bc2 Nfd5 22. Bc1
Nxc2 23. Qxc2 Nb4 24. Qc3 Nd3 25. Rf1 Bg7 26. Qc2 Bg4 27. Ne1 Nxc1 28. Rxc1 Rd7 29.
h3 Rd2 30. Qb1 Rxb2 31. Qa1 Be6 32. Qa6 b4 33. Nf3 c3 34. Rfd1 Qa8 35. Qd3 Bb3 36.
Re1 Rd8 37. Qe3 Qa6 38. Ne2 Qd3 39. Qb6 Qd6 40. Qa5 Ra2 41. Qb5 Ba4 42. Qc4 Rb2 43.
e5 Qd3 44. Qc7 Rd7 45. Qb8+ Kh7 46. Qa8 Bb3 47. Qa5 Rxe2 48. Rxe2 Qxe2 49. Qxb4 Rd1+
50. Rxd1 Qxd1+ 51. Kh2 c2 52. Qxb3 c1=Q 53. Qxf7 Qd8 54. e6 Qcc7+ 55. Qxc7 Qxc7+
56. g3 Qd6 0-1

[Event "2024 British Rapidplay Championship"]
[Site "Holiday Inn Peterborough - West"]
[Date "2024.03.02"]
[Round "4.34"]
[White "Lees, Nicholas"]
[Black "Dougherty, Michael"]
[Result "0-1"]
[WhiteFideId "444073"]
[BlackFideId "2601559"]
[WhiteElo "1802"]
[BlackElo "2030"]
[EventDate "2024.03.02"]

1. d4 g6 2. g3 Bg7 3. Bg2 c5 4. c3 cxd4 5. cxd4 d6 6. Nf3 Nf6 7. O-O O-O 8. Nc3 a6
9. Qb3 Nc6 10. d5 Na5 11. Qc2 Bd7 12. e4 Rc8 13. Be3 Nc4 14. Bd4 b5 15. a3 Qc7 16.
Rac1 e5 17. dxe6 fxe6 18. Bxf6 Bxf6 19. Nd2 Nxb2 20. Qxb2 Bxc3 21. Qa2 Qb6 22. Bh3
Rfe8 23. Nf3 Bf6 24. Rxc8 Bxc8 25. Rc1 Bd7 26. Rd1 Qc5 27. Qb3 Kg7 28. Qd3 Bc6 29.
Qxd6 Qxd6 30. Rxd6 Bxe4 31. Nd2 Bd5 32. Rxa6 Rc8 33. Bxe6 Rc1+ 34. Nf1 Bf3 35. Rb6
Be2 36. Bh3 Bd4 37. Re6 Bc4 38. Re4 Bc5 39. Bg2 Bxa3 40. Rd4 Bc5 41. Rd7+ Kf6 42.
Rc7 Bd4 43. Rb7 Ke5 44. h4 Rb1 45. g4 b4 46. h5 gxh5 47. gxh5 Bd3 48. h6 b3 49. Bh3
b2 50. Rb3 Rd1 51. Bg4 Rxf1+ 52. Kg2 b1=Q 53. Rxb1 Rd1 54. Rc1 Rxc1 55. Kg3 Rg1+
56. Kh3 Bf5 57. f3 Bxg4+ 58. fxg4 Be3 59. Kh4 Bxh6 60. Kh3 Bg5 61. Kh2 Rxg4 62. Kh3
h5 63. Kh2 Kf4 64. Kh3 Kf3 65. Kh2 h4 66. Kh3 Rg3 67. Kh2 Bf4 68. Kh1 h3 69. Kh2
Kf2 70. Kh1 Rg1+ 0-1

[Event "2024 British Rapidplay Championship"]
[Site "Holiday Inn Peterborough - West"]
[Date "2024.03.02"]
[Round "4.35"]
[White "Ledger, Stephen C"]
[Black "Rich, Aaron"]
[Result "1/2-1/2"]
[WhiteFideId "404470"]
[BlackFideId "499951"]
[WhiteElo "1983"]
[BlackElo "1767"]
[EventDate "2024.03.02"]

1. d4 f5 2. g3 Nf6 3. Bg2 e6 4. c4 Bb4+ 5. Nc3 Bxc3+ 6. bxc3 O-O 7. Nh3 Ne4 8. Qc2
d5 9. O-O Nd7 10. Ba3 Re8 11. cxd5 exd5 12. Nf4 Ndf6 13. c4 c6 14. Rab1 b6 15. f3
Nd6 16. cxd5 cxd5 17. Bxd6 Qxd6 18. Nd3 Be6 19. Ne5 Rec8 20. Qa4 Nd7 21. Nxd7 Bxd7
22. Qb3 Rc4 23. e4 Ba4 24. Qe3 dxe4 25. fxe4 Qxd4 26. Qxd4 Rxd4 27. exf5 Rf8 28.
Rbc1 Bb5 29. Rf2 Rfd8 30. h3 h6 31. f6 Rd1+ 32. Rxd1 Rxd1+ 33. Kh2 gxf6 34. Rxf6
Rd2 35. Kg1 Kg7 36. Rf2 Rxf2 37. Kxf2 Bc4 38. a3 a5 39. Ke3 b5 40. Kd4 Be6 41. Kc5
Bd7 42. Bf1 b4 43. axb4 axb4 44. Kxb4 h5 45. Kc5 Kg6 46. Kd6 Bc8 47. h4 Bg4 48. Ke5
Kh6 49. Kf6 Bd1 50. Bd3 Bg4 51. Bf5 Bf3 52. Ke5 Bd1 53. Kf4 Be2 54. Be6 Bd1 55. Bd5
Be2 56. Bf3 Bc4 57. Kf5 Bf7 58. Kf6 Be8 59. Be4 Bb5 1/2-1/2

[Event "2024 British Rapidplay Championship"]
[Site "Holiday Inn Peterborough - West"]
[Date "2024.03.02"]
[Round "4.36"]
[White "Crawford, Owen"]
[Black "Iyengar, Ilya"]
[Result "0-1"]
[WhiteFideId "343409393"]
[BlackFideId "405949"]
[WhiteElo "1917"]
[BlackElo "1951"]
[EventDate "2024.03.02"]

1. e4 c5 2. Nf3 e6 3. d4 cxd4 4. Nxd4 Nf6 5. Nc3 d6 6. g4 h6 7. Be3 e5 8. Nf5 g6
9. Bb5+ Nc6 10. Nxh6 Bxh6 11. Bxh6 Rxh6 12. g5 Rh4 13. gxf6 Qxf6 14. Qd5 Bd7 15.
O-O-O O-O-O 16. Qc4 Kb8 17. Nd5 Qf3 18. Rhe1 Rxh2 19. Re3 Qxf2 20. Rb3 Rc8 21. Ba6
Na5 22. Rc3 Nxc4 23. Bxc4 Bg4 24. Rf1 Qd2+ 25. Kb1 Rxc4 26. Rxc4 Qe2 27. Ne3 Qxe3
28. Rc1 Qe2 29. b3 Be6 30. Rc3 Qxe4 31. Rd1 d5 32. Rc1 0-1

[Event "2024 British Rapidplay Championship"]
[Site "Holiday Inn Peterborough - West"]
[Date "2024.03.02"]
[Round "4.37"]
[White "Repasi, Zoltan"]
[Black "Gevorgyan, Albert"]
[Result "1-0"]
[WhiteFideId "724602"]
[BlackFideId "13323946"]
[WhiteElo "2097"]
[BlackElo "1899"]
[EventDate "2024.03.02"]

1. d4 d5 2. c4 c6 3. Nc3 Nf6 4. e3 e6 5. Nf3 Nbd7 6. Be2 dxc4 7. a4 Bd6 8. Nd2 O-O
9. Nxc4 Bc7 10. b3 Nb6 11. Ba3 Re8 12. O-O Nbd5 13. Qd2 b6 14. Bf3 Bb7 15. Rfd1 Nxc3
16. Qxc3 Nd5 17. Qd2 b5 18. Ne5 Bxe5 19. dxe5 Qg5 20. e4 Nf4 21. g3 Nh3+ 22. Kg2
Red8 23. Qxg5 Nxg5 24. Rxd8+ Rxd8 25. Be7 Nxf3 26. Bxd8 Nxe5 27. Bc7 Ng6 28. f3 a6
29. Rd1 Kf8 30. Rd8+ Ke7 31. Rb8 Bc8 32. Rxc8 Kd7 33. Rg8 Kxc7 34. Rxg7 Kb6 35. Rxh7
Kc5 36. axb5 cxb5 37. f4 Kb4 38. Rxf7 a5 39. Rf6 Kxb3 40. Rxg6 a4 41. Rxe6 a3 42.
f5 a2 43. Ra6 1-0

[Event "2024 British Rapidplay Championship"]
[Site "Holiday Inn Peterborough - West"]
[Date "2024.03.02"]
[Round "4.38"]
[White "He, Tom Junde"]
[Black "Borrowdale, Graham E"]
[Result "0-1"]
[WhiteFideId "488810"]
[BlackFideId "416673"]
[WhiteElo "1922"]
[BlackElo "1905"]
[EventDate "2024.03.02"]

1. d4 Nf6 2. Nf3 e6 3. c4 b6 4. g3 Bb7 5. Bg2 Be7 6. Nc3 Ne4 7. Qc2 Nxc3 8. Qxc3
O-O 9. O-O f5 10. h4 Bf6 11. Bf4 d6 12. Rfd1 Qe7 13. Bg5 h6 14. Bxf6 Qxf6 15. Rac1
Nd7 16. Ne5 dxe5 17. Bxb7 Rad8 18. dxe5 Qxe5 19. Rd4 c5 20. Rd3 Qxc3 21. Rcxc3 Kf7
22. Re3 Nf6 23. Ra3 a5 24. Rad3 Ng4 25. Rxd8 Rxd8 26. Rb3 Rd6 27. e4 g6 28. Kg2 Ne5
29. exf5 gxf5 30. Ba6 Nd3 31. a3 Ne1+ 32. Kf1 Nc2 33. Rc3 Nd4 34. Bb7 Kf6 35. f3
h5 36. Kf2 e5 37. Bd5 Rd7 38. Re3 Re7 39. Re1 f4 40. g4 hxg4 41. fxg4 Nc2 42. g5+
Kg7 43. Re2 Ne3 44. Kf3 Kg6 45. Rxe3 fxe3 46. Kxe3 Kf5 47. Be4+ Kg4 48. g6 Kxh4 49.
Bd5 Kg5 50. Bf7 Kf6 51. Ke4 Rd7 52. Bd5 Re7 53. Bf7 Kg7 54. a4 Kf6 55. b3 Kg7 56.
Bd5 Kxg6 57. Bc6 Kf6 58. Bd5 Rh7 59. Bc6 Rh4+ 60. Ke3 e4 61. Bxe4 Ke5 62. Bc6 Rh3+
63. Kd2 Kd4 64. Kc2 Rh2+ 65. Kc1 Kc3 66. Kd1 Rb2 67. Kc1 Rxb3 68. Kd1 Rb2 69. Kc1
Rf2 70. Kd1 Kxc4 71. Ke1 Rb2 72. Kd1 Kc3 73. Kc1 c4 74. Bf3 Rf2 75. Bg4 Rf1+ 76.
Bd1 Rh1 77. Kb1 Rxd1+ 78. Ka2 Re1 79. Ka3 Ra1# 0-1

[Event "2024 British Rapidplay Championship"]
[Site "Holiday Inn Peterborough - West"]
[Date "2024.03.02"]
[Round "4.39"]
[White "Nezis, Anastasios"]
[Black "Dasgupta, Avyukt"]
[Result "0-1"]
[WhiteFideId "424471"]
[BlackFideId "480630"]
[WhiteElo "1912"]
[BlackElo "1905"]
[EventDate "2024.03.02"]

1. Nf3 d5 2. c4 c6 3. b3 Nf6 4. Bb2 Bg4 5. e3 e6 6. Be2 Nbd7 7. O-O h6 8. h3 Bf5
9. d4 Bd6 10. Nbd2 O-O 11. Ne5 Ne4 12. Nxe4 Bxe4 13. Bd3 Bxd3 14. Qxd3 f5 15. f4
Nf6 16. Nf3 Ne4 17. Nd2 Nf6 18. a4 Qe7 19. c5 Bc7 20. b4 Qd7 21. b5 Ba5 22. Bc3 Bc7
23. Rfb1 Rfb8 24. a5 Bd8 25. Rb2 Qc8 26. Rab1 Nd7 27. Nf3 a6 28. bxc6 bxc6 29. Rxb8
Rxb8 30. Rxb8 Nxb8 31. Ne5 Bf6 32. Qb1 Bxe5 33. fxe5 Nd7 34. Be1 Qb8 35. Qxb8+ Nxb8
36. Kf2 Kf7 37. Kf3 h5 38. g4 Kg6 39. Kf4 fxg4 40. hxg4 Nd7 41. e4 dxe4 42. gxh5+
Kxh5 43. Kxe4 Kg4 44. Bd2 Nf8 45. Ke3 g5 46. d5 exd5 47. Kd4 Ne6+ 48. Ke3 Nxc5 49.
Kd4 Ne6+ 50. Ke3 Kf5 51. Bc3 c5 52. Kf3 d4 53. Bd2 Kxe5 54. Kg4 c4 0-1

[Event "2024 British Rapidplay Championship"]
[Site "Holiday Inn Peterborough - West"]
[Date "2024.03.02"]
[Round "4.40"]
[White "Lim, Mark"]
[Black "Kanyamarala, Trisha"]
[Result "0-1"]
[WhiteFideId "417734"]
[BlackFideId "45004722"]
[WhiteElo "1835"]
[BlackElo "2073"]
[EventDate "2024.03.02"]

1. d4 Nf6 2. Nf3 d5 3. c4 e6 4. cxd5 exd5 5. Nc3 Bb4 6. Qa4+ Nc6 7. Bg5 h6 8. Bxf6
Qxf6 9. e3 O-O 10. Be2 Qg6 11. O-O Be6 12. Rfc1 a6 13. a3 Bd6 14. b4 b5 15. Qb3 Ne7
16. a4 c6 17. Nd1 f5 18. Nb2 f4 19. Nd3 fxe3 20. fxe3 Bh3 21. Nde1 Be6 22. Nd3 Qh5
23. Nde1 Bxh2+ 24. Nxh2 Qxe2 25. Ra2 bxa4 26. Rxe2 axb3 27. Rb2 Rab8 28. Rxb3 Bf5
29. Ra1 Rb6 30. Rba3 Rxb4 31. Rxa6 Rb3 32. R6a3 Rfb8 33. Nhf3 Ng6 34. Rxb3 Rxb3 35.
Rc1 Rxe3 36. Rxc6 Nf4 37. Kf2 Re2+ 38. Kg3 Nh5+ 39. Kh4 Nf6 40. Rd6 g5+ 41. Nxg5
hxg5+ 42. Kxg5 Ne4+ 43. Kxf5 Nxd6+ 0-1

[Event "2024 British Rapidplay Championship"]
[Site "Holiday Inn Peterborough - West"]
[Date "2024.03.02"]
[Round "4.41"]
[White "Quilter, Thomas A"]
[Black "Iyengar, Srihari R"]
[Result "1-0"]
[WhiteFideId "408530"]
[BlackFideId "441970"]
[WhiteElo "2051"]
[BlackElo "1889"]
[EventDate "2024.03.02"]

1. e4 d6 2. d4 e6 3. Nc3 Be7 4. Nf3 Nf6 5. Bd3 Nbd7 6. e5 dxe5 7. dxe5 Nd5 8. Ne4
Nc5 9. Nxc5 Bxc5 10. Qe2 Nb4 11. Be4 c6 12. O-O Be7 13. a3 Na6 14. b4 Nc7 15. Rd1
Bd7 16. c4 b5 17. Bxc6 Bxc6 18. Rxd8+ Rxd8 19. Be3 bxc4 20. Qxc4 Bxf3 21. Qxc7 Bd5
22. Qxa7 Rd7 23. Qb8+ Bd8 24. Qb5 1-0

[Event "2024 British Rapidplay Championship"]
[Site "Holiday Inn Peterborough - West"]
[Date "2024.03.02"]
[Round "4.42"]
[White "Fraser-Mitchell, Jeremy N"]
[Black "Ganti, Shriaansh"]
[Result "1-0"]
[WhiteFideId "405000"]
[BlackFideId "343104781"]
[WhiteElo "1984"]
[BlackElo "1886"]
[EventDate "2024.03.02"]

1. d4 Nf6 2. c4 e6 3. Nc3 d5 4. Bg5 Be7 5. e3 O-O 6. cxd5 exd5 7. Bd3 c6 8. Qc2 h6
9. Bf4 Be6 10. h3 Nbd7 11. Nge2 Rc8 12. O-O c5 13. Rac1 a6 14. Be5 c4 15. Bf5 b5
16. Nf4 Bxf5 17. Qxf5 Nb6 18. Bxf6 Bxf6 19. Nfxd5 Nxd5 20. Nxd5 Rc6 21. Rfd1 Qa5
22. a3 Re6 23. e4 Rfe8 24. e5 Bxe5 25. dxe5 Rxe5 26. Qf3 Re2 27. b4 cxb3 28. Qxb3
Re1+ 29. Kh2 Rxd1 30. Rxd1 Qd8 31. Qf3 Qg5 32. Ne3 Qc5 33. Nd5 Re6 34. Nf4 Re8 35.
Rd7 Qe5 36. g3 Qf5 37. Qd3 Qc5 38. Kg2 Qc6+ 39. Qd5 Qf6 40. Rd6 Qe7 41. Rxa6 Rd8
42. Ra8 Rxa8 43. Qxa8+ Kh7 44. Qd5 Qxa3 45. Qxf7 b4 46. Qf5+ Kg8 47. Qe6+ Kh7 48.
Qe4+ Kg8 49. Nh5 Qc3 50. Nf4 b3 51. Nd5 Qc2 52. Qe6+ Kh7 53. Ne7 h5 54. Qg8+ Kh6
55. Qh8+ Kg5 56. Qxg7+ 1-0

[Event "2024 British Rapidplay Championship"]
[Site "Holiday Inn Peterborough - West"]
[Date "2024.03.02"]
[Round "4.43"]
[White "Sasikumar, Srivathsan"]
[Black "Lishoy Gengis Paratazham, Dildarav"]
[Result "1/2-1/2"]
[WhiteFideId "343401279"]
[BlackFideId "491462"]
[WhiteElo "1766"]
[BlackElo "1913"]
[EventDate "2024.03.02"]

1. e4 d6 2. d4 Nf6 3. Nc3 e5 4. dxe5 dxe5 5. Qxd8+ Kxd8 6. Nf3 Bd6 7. Bc4 Be6 8.
Bxe6 fxe6 9. O-O Ke7 10. Rd1 a6 11. h3 Nbd7 12. Bg5 h6 13. Bh4 b5 14. a3 Rhb8 15.
b4 a5 16. Rab1 axb4 17. axb4 g5 18. Bg3 Nh5 19. Bh2 Nf4 20. Bxf4 gxf4 21. Rb3 Nf6
22. Kh2 Ra6 23. g3 Nh5 24. Ne2 fxg3+ 25. fxg3 Rf8 26. Kg2 Rg8 27. g4 Rc6 28. c3 Rc4
29. Nd2 Rc6 30. Nf3 Ra6 31. Kf2 Nf6 32. Ng3 Rf8 33. Kg2 Rfa8 34. Rd2 Nd7 35. Rc2
Nb6 36. Nd2 Ra2 37. Rbb2 R2a3 38. Ne2 R3a7 39. c4 bxc4 40. Nxc4 Nxc4 41. Rxc4 Rb7
42. b5 Rab8 43. Nc3 Rb6 44. Ra2 R6b7 45. Ra6 Rb6 46. Raa4 R6b7 47. h4 Kf6 48. Kg3
Kg6 49. Ra2 Rf8 50. Ra1 Kg7 51. Rb1 Kg6 52. Rc6 Rfb8 53. Ra6 Kg7 54. Ra2 c6 55. Rab2
cxb5 56. Rxb5 Rxb5 57. Rxb5 Rxb5 58. Nxb5 Bc5 59. Nc7 Kf7 60. g5 hxg5 61. hxg5 Bd6
62. Nb5 Be7 63. Kg4 Kg6 64. Nc7 Bxg5 65. Nxe6 1/2-1/2

[Event "2024 British Rapidplay Championship"]
[Site "Holiday Inn Peterborough - West"]
[Date "2024.03.02"]
[Round "4.44"]
[White "Sivanandan, Bodhana"]
[Black "Mittal, Aditya"]
[Result "1-0"]
[WhiteFideId "497592"]
[BlackFideId "499250"]
[WhiteElo "1904"]
[BlackElo "1794"]
[EventDate "2024.03.02"]

1. e4 e6 2. d4 d5 3. Nd2 Be7 4. e5 c5 5. c3 cxd4 6. cxd4 Qb6 7. Ngf3 Bd7 8. Bd3 Bb5
9. Nb3 Bxd3 10. Qxd3 Nd7 11. Bd2 Rc8 12. O-O Bd8 13. Rac1 Rxc1 14. Rxc1 Ne7 15. Ba5
Qa6 16. Qxa6 bxa6 17. Bxd8 Kxd8 18. Ng5 Ke8 19. Rc7 h6 20. Nxf7 Kxf7 21. Rxd7 Rc8
22. Nc5 Rb8 23. b3 Rb4 24. Nb7 Rxd4 25. g3 Rd1+ 26. Kg2 g5 27. Nd6+ Kf8 28. Rd8+
Kg7 29. Re8 Ng6 30. Rxe6 Re1 31. Nf5+ Kh7 32. Ne3 d4 33. Nc4 Re2 34. Rxa6 Nxe5 35.
Rxa7+ Kg6 36. Re7 Kf6 37. Rxe5 Rxe5 38. Nxe5 Kxe5 39. Kf3 g4+ 40. Ke2 Ke4 41. a4
d3+ 42. Kd2 Kf3 43. a5 h5 44. a6 Kg2 45. a7 Kh3 46. a8=Q h4 47. gxh4 g3 48. hxg3
Kh2 49. h5 Kg1 50. h6 Kh2 51. h7 Kg1 52. h8=Q Kf1 53. Qhh1+ 1-0

[Event "2024 British Rapidplay Championship"]
[Site "Holiday Inn Peterborough - West"]
[Date "2024.03.02"]
[Round "4.45"]
[White "Waldhausen Gordon, Frederick"]
[Black "Cheng, Louis"]
[Result "1-0"]
[WhiteFideId "2409143"]
[BlackFideId "2410389"]
[WhiteElo "2045"]
[BlackElo "1840"]
[EventDate "2024.03.02"]

1. d4 Nf6 2. c4 g6 3. Nc3 d5 4. Nf3 Bg7 5. Qb3 dxc4 6. Qxc4 O-O 7. e4 c6 8. Be2 Be6
9. Qd3 Qa5 10. O-O Rd8 11. Bd2 Qc7 12. Rac1 Na6 13. Qb1 Qb6 14. h3 Rac8 15. Na4 Qc7
16. Bxa6 bxa6 17. Nc5 Nh5 18. Nxe6 fxe6 19. e5 Rf8 20. Qe4 Qd7 21. Rc5 Bh8 22. g4
Ng7 23. Bh6 Rxf3 24. Qxf3 Qxd4 25. Qc3 Qe4 26. Re1 Qa4 27. Ra5 Qb5 28. Rxb5 axb5
29. Qc5 Kf7 30. Rd1 Ne8 31. Rd7 Rc7 32. Qxe7+ Kg8 33. Qf8# 1-0